Scream Killers - Statistics

General Stats
  • This quiz has been taken 968 times
  • The average score is 5 of 7
Answer Stats
Hint Answer % Correct
Messed-up boyfriend Billy Loomis
99%
Boyfriend's Partner Stu Macher
94%
Jealous Cousin Jill Roberts
75%
Freaky Film Student Mickey
72%
Forgotten Half-Brother Roman Bridger
70%
Cinema Club President Charlie Walker
61%
Mother with Revenge Mrs. Loomis
59%
No matching quizzes found
Score Distribution
Percent of People with Each Score
Percentile by Number Answered
Your Score History
You have not taken this quiz